000 00277nam a22001337a 4500
008 170313b xxu||||| |||| 00| 0 eng d
020 _a9780743201575
041 _aeng
080 _a591
100 _a7
101 _aSHM
245 _aANIMAL TALK
_cFRIEND .T
942 _2udc
_cBK
999 _c7664
_d7664